Les mots Québécois en français - Statistiques

Statistiques générales
  • Ce quiz a été pris 51 fois
  • Le résultat moyen est 5 sur 11
Statistiques - réponses
Québecois Français % Correct
Char Voiture
93%
Pâte à dent Dentifrice
89%
Frette Froid
52%
Tuque Bonnet
50%
Chandai Pull
48%
Bobette Slip
37%
Maringouin Moustique
35%
Blonde Fille
30%
Bibitte Insecte
28%
Colleux Calin
15%
Tiguidou Super
9%
Aucun quiz correspondant
Distribution des résultats
% des personnes avec chaque résultat
Percentile par nombre de réponses
Votre historique - résultats
Vous n’avez pas pris ce quiz